Thực vật chí Việt Nam = Flora of Vietnam : t. I /

Đã lưu trong:
書目詳細資料
主要作者: Nguyễn Tiến Bân
格式: Sách giấy
語言:Vietnamese
出版: Hà Nội : Khoa học và Kỹ thuật , 2000
標簽: 添加標簽
沒有標簽, 成為第一個標記此記錄!
Thư viện lưu trữ: Thư viện Trường Đại học Đà Lạt
LEADER 00636nam a2200241 4500
001 DLU020019362
005 ##12/28/2001
020 # # |a 978- 
041 # # |a vie 
082 # # |a 581.959 7  |b NG-B 
100 # # |a Nguyễn Tiến Bân 
245 # # |a Thực vật chí Việt Nam =  |b  Flora of Vietnam :  |b Họ Na-Annonaceae Juss.  |n t. I /  |c Nguyễn Tiến Bân 
260 # # |a Hà Nội :  |b Khoa học và Kỹ thuật ,  |c 2000 
300 # # |a 344 tr.;   |c 27 cm. 
992 # # |a 62000 
994 # # |a DLU 
900 # # |a False 
911 # # |a Administrator 
925 # # |a G 
926 # # |a A 
927 # # |a SH 
980 # # |a Thư viện Trường Đại học Đà Lạt